[Event "Oberpfalz-ch M2"]
[Site "Windischeschenbach"]
[Date "2007.04.01"]
[Round "3"]
[White "Blodig, Martin"]
[Black "Seidel, Rainer"]
[Result "1/2-1/2"]
[WhiteElo "1648"]
[BlackElo "1840"]
[PlyCount "53"]
[EventDate "2007.03.31"]
[EventType "swiss"]
[EventRounds "8"]
[EventCountry "GER"]
[SourceTitle "EXT 2022"]
[Source "ChessBase"]
[SourceDate "2021.10.06"]
[SourceVersion "1"]
[SourceVersionDate "2021.10.06"]
[SourceQuality "1"]

1. e4 e5 2. Nf3 Nc6 3. d4 exd4 4. Nxd4 Qf6 5. Be3 Bc5 6. c3 Nge7 7. Bc4 0-0 8. 0-0 a6 9. f4 d6 10. Kh1 b5 11. Be2 Re8 12. Qd3 Bb7 13. Nd2 b4 14. N2b3 Rad8 15. Nxc6 Bxc6 16. Bxc5 Bb5 17. c4 dxc5 18. Qc2 Ba4 19. e5 Qe6 20. Rfd1 Nc6 21. Bd3 g6 22. Nxc5 Bxc2 23. Nxe6 Rxd3 24. Rxd3 Bxd3 25. Nxc7 Rc8 26. Nd5 Bxc4 27. Nb6 1/2-1/2

[Event "Oberpfalz-ch M2"]
[Site "Windischeschenbach"]
[Date "2007.03.31"]
[Round "1"]
[White "Weszka, Peter"]
[Black "Seidel, Rainer"]
[Result "0-1"]
[WhiteElo "1660"]
[BlackElo "1840"]
[PlyCount "72"]
[EventDate "2007.03.31"]
[EventType "swiss"]
[EventRounds "8"]
[EventCountry "GER"]
[SourceTitle "EXT 2022"]
[Source "ChessBase"]
[SourceDate "2021.10.06"]
[SourceVersion "1"]
[SourceVersionDate "2021.10.06"]
[SourceQuality "1"]

1. d4 Nf6 2. c4 c5 3. Nf3 e6 4. e3 d5 5. Nc3 Nc6 6. a3 a6 7. Bd3 Be7 8. dxc5 Bxc5 9. b4 Bd6 10. cxd5 exd5 11. 0-0 0-0 12. Bb2 Bg4 13. Be2 Qd7 14. Na4 Qf5 15. Nc5 Qh5 16. g3 Be5 17. Bxe5 Nxe5 18. Nd4 b6 19. Na4 b5 20. Nc5 Qh3 21. f3 Bc8 22. Rf2 Re8 23. Bf1 Qh6 24. Nc2 Bf5 25. Nxa6 Bxc2 26. Rxc2 Qxe3+ 27. Kg2 Rec8 28. Re2 Qc3 29. f4 Nc4 30. Kh1 Rxa6 31. Bg2 Ne3 32. Qe1 Nxg2 33. Qxc3 Rxc3 34. Kxg2 Rcxa3 35. Rae1 Ra2 36. h3 h5 0-1